000 00432nam a2200181Ia 4500
005 20240823062949.0
008 240823s9999||||xx |||||||||||||| ||und||
041 _aENGLISH
082 _A621.3 N6
100 _aGupta B R
245 0 _aPrinciples of Electrical Engineering
250 _a1st
260 _c1996
_b"S.Chand,New Delhi"
500 _aYES
650 _aElectrical
_bInstrumentation
942 _cBK
999 _c237129
_d237129